00689cam a22002051 450000100100000000500170001000800410002701000130006803500180008104000320009904200120013105000160014310000220015924501110018126000650029230000210035750400310037865000590040908200150046800000409420200929150713.0720323s1967 ncu b 000 0 eng  a67017034 a(OCoLC)269930 aDO-SdBNPcODaWUdOCoLCdDLC apremarc00aPS379b.H271 aHarper, Howard M.10aDesperate faith; :ba study of Bellow, Salinger, Mailer, Baldwin, and Updike /c[by] Howard M. Harper, Jr. aChapel Hill, :bUniversity of North Carolina Press,c[1967]. a200 p. ;c23 cm. aBibliographical footnotes. 0aAmerican fictiony20th centuryxHistory and criticism. a813/.5/209